000 00703nmc a2200277 a 4500
003 AR-BaBNM
005 20251128203101.0
008 235020s2004 ||||||||||||||000 | spa||
020 _a950-07-2494-4
040 _cAR-BaBNM
100 1 _aHohler, Franz
245 1 0 _aLa piedra que se quería rascar
250 _a3ª ed.
260 _aBuenos Aires
_bSudamericana
_c2004
300 0 _a57 p.
_bil.
490 0 _aPan Flauta
_vv. 41
650 4 _aCUENTO INFANTIL
650 4 _aLIBROS PARA NINOS
653 _aCUENTOS DE HUMOR
655 _aLITERATURA
700 1 _aAdamo, Gabriela
_etraductor
700 1 _aDeleau, Juan
_eilustrador
800 0 _aCanela
942 _cBK
998 _cme-solo cat
999 _c1801
_d1801